000 00570nam a22002052 4500
001 0000005174
005 20151217154351.0
008 070607s xx 000 0 eng d
020 _a007709273Z :
_cKES 5,628
040 _aKABU
_cKABU
050 0 _aTK5105.5
_b.M33
100 1 _aMackenzie, Lewis.
_@0000156323
245 1 0 _aCommunication and networks.
260 _aLondon :
_bMcGraw-Hill,
_c1998.
300 _axv, 544 p.
650 0 _aComputer networks.
_@0000148214
908 _a070607
950 _@1
999 _c10825
_d10825